| 000 | 03022ngm a2200481 4500 | ||
|---|---|---|---|
| 003 | dpl | ||
| 005 | 20081215113240.0 | ||
| 007 | DVD | ||
| 008 | ||||||sp199 xxu|||||c ||| 00| 0 ng d | ||
| 010 | _aDVD-001476-1478 & DVD-005001-5006 | ||
| 024 |
_c199.00, 149.00 (Revised Price0 _aEDVD- M2518 |
||
| 035 | _aDVD-001476-1478 | ||
| 035 | _aDVD-005001-5006 | ||
| 040 |
_aDPL _cDPL |
||
| 082 | _aDVD / MIRC | ||
| 245 |
_aMirch Masala _cNational Film Dev. Corpn. Ltd. Presents _h[videorecording] DVD/ |
||
| 260 | _bEagle Home Entertainment | ||
| 300 |
_a1 videodisc DVD; _bsd., col. ; _c4 3/4 in. _fDVD |
||
| 440 | _aEagle Home Entertainment | ||
| 538 | _aDolby Digital 5.1 - Hindi Subtitles: English | ||
| 538 | _aAnamorphic Wide Screen Format, Presented 2:35.1 Aspect Ratio Enhancaead for 16:9 Wide Screen | ||
| 650 | _aMotion Picture | ||
| 700 | _aMehta, Ketan | ||
| 700 | _aChunilal | ||
| 700 | _aPatil, Samita | ||
| 700 | _aShah, Naseeruddin | ||
| 700 | _aBabbar, Raj | ||
| 700 | _aPuri, Om | ||
| 700 | _aNaval, Deepti | ||
| 700 | _aPathak, Supriya | ||
| 942 |
_cCF _2ddc _hDVD _mMIRC |
||
| 999 |
_c19816 _d19816 |
||